000 00658nam a2200229Ia 4500
003 OSt
005 20220928145106.0
006 a|||||r|||| 00| 0
007 ta
008 220927b |||||||| |||| 00| 0 eng d
024 _a78688
037 _cTextual
040 _aSDCL
_cSDCL
_beng
041 _2eng
_aeng
082 _aX9W.2'P, P2
100 _aDhameja Nand
_9511594
245 0 _aPublic sector restructuring and privatisation ; including urban infrastructure and public service finance.
260 _c2002
700 _a Sastry K S
_9511595
942 _hX9W.2'P, P2
_cTEXL
_2CC
999 _c831889
_d831889